000 00336nam a2200133Ia 4500
008 240624s9999 xx 000 0 und d
041 _aeng
082 _a823 SHE
100 _aSHELDON SIDNEY
245 _aOTHER SIDE OF MIDNIGHT
260 _c2011
_aNew Delhi
_bHarperCollins
300 _aviii, : 440 : p. : cm. ; 18
365 _cRS
_b25
999 _c18657
_d18657